000 02808cam a2200529Ia 4500
001 74455
005 20230410102138.0
008 070910s2007 ncu b 000 1 eng
010 _a 2005053064
035 _a(OCoLC)ocn170862489
040 _aILE
_cILE
_dIXA
_dBAKER
_dNCM
_dAMP
_dYDXCP
_dBTCTA
_dIT8
_dPFO
_dVRC
_dSIE
_dEDK
019 _a131078727
020 _a9781565125582 :
_c$13.95
020 _a1565125584 :
_c$13.95
029 1 _aYDXCP
_b2504801
035 _a(OCoLC)170862489
_z(OCoLC)131078727
050 1 4 _a118 PQ 7409
_bA473s 2007
100 1 _aAlvarez, Julia,
_d1950-
245 1 0 _aSaving the world :
_ba novel /
_cJulia Alvarez.
250 _a1st pbk. ed.
260 _aChapel Hill, NC :
_bAlgonquin Books of Chapel Hill,
_c2007.
300 _a376 p. ;
_c21 cm.
500 _a"A Shannon Ravenel book."
500 _aReader's discussion guide included.
504 _aIncludes bibliographical references.
526 0 _aAccelerated Reader/Renaissance Learning
_bUG
_c6.6
_d22.
520 _aFrom the Publisher: While Alma Huebert is researching a new novel, she finds her real story-and her salvation-in a little-known but staggering historical footnote: the Royal Expedition of the Vaccine. In 1803, Don Francisco Balmis embarked on a two-year sea voyage to rescue the New World from smallpox. Accompanying him were twenty-two orphan boys, acting as live carriers, and their guardian, Isabel Sendales y Gomez. As Alma digs deeper into Isabel's life, she finds her own power to commit an act as life-changing as Isabel's. In Saving the World, Julia Alvarez, author of perennial bestsellers, including How the Garcia Girls Lost Their Accents and In the Time of the Butterflies, takes us into the worlds of "two women living two centuries apart [who] each face 'a crisis of the soul' when their fates are tied to idealistic men"-(Publishers Weekly).
650 4 _aDominican Americans in literature.
650 4 _aLiteratura dominicana
650 0 _aMarried women
_vFiction.
650 0 _aMiddle-aged women
_vFiction.
650 0 _aAIDS (Disease)
_xPatients
_vFiction.
650 0 _aAIDS (Disease)
_xPatients
_xFamily relationships
_vFiction.
611 2 0 _aExpedición Maritima de la Vacuna
_d(1803-1810)
_vFiction.
600 1 0 _aBalmis, Francisco Xavier de
_vFiction.
650 0 _aVaccination
_vFiction.
650 0 _aSmallpox
_vFiction.
655 7 _aPsychological fiction.
_2lcsh
655 7 _aHistorical fiction.
_2gsafd
856 4 2 _3Publisher description
_uhttp://www.loc.gov/catdir/enhancements/fy0704/2005053064-d.html
938 _aBaker & Taylor
_bBKTY
_c13.95
_d10.46
_i1565125584
_n0006940343
_sactive
938 _aYBP Library Services
_bYANK
_n2504801
938 _aBaker and Taylor
_bBTCP
_nbl2007009382
942 _2lcc
_cbk
994 _aC0
_bDRFGD
946 _aRCH
999 _c19944
_d19944